000 00298nam a22001337a 4500
008 170401b xxu||||| |||| 00| 0 eng d
020 _a0716706954
041 _aeng
080 _a574
100 _a9
101 _aSHM
245 _aPOPULATION RESOURCES ENVIRONMENT
_cEHRLICH, P.R
942 _2udc
_cBK
999 _c9439
_d9439